000 01125nam a2200229Ii 4500
003 JO-AjNU
005 20231210100257.0
008 230605s9999||||xx |||||||||||||| ||und||
040 _aJO-AjNU
_bara
_erda
_cJO-AjNU
041 _aara
100 _aعكور، أنور سعيد
_964793
_eمعد
245 _aأثر ممارسة إدارة الأرباح على تحقيق دوافع الإدارة في الشركات الصناعية المساهمة العامة الأردنية = The Impact of Earnings Management Practice on Achaiving the Purposes of Management in Jordanian Industrial Cpmpanies
_c / اعداد انور سعيد عكور؛ اشراف سناء نظمي مسودة
260 _aاربد :
_bجامعة جدارا،
_c2015
300 _a104 ورقه
336 _atext
_btxt
_2rdacontent
337 _aunmediated
_bn
_2rdamedia
338 _avolume
_bnc
_2rdacarrier
500 _aرساله جامعية (ماجستير) - جامعة جدارا، 2015
650 _vالأرباح-ادارة-الشركات-الأردن
700 _aسناء نظمي مسودة
_964797
_eمشرف
942 _2lcc
_cTHS
999 _c33015
_d33015